Catálogo
Digital

Catálogo
Digital

Democratización del acceso y permanencia a la Educación Superior en Ecuador: Una mirada a los "estudiantes de primera generación" en los gobiernos de Rafael Correa, Lenín Moreno y Guillermo Lasso. (Record no. 13590)

MARC details
000 -CABECERA
campo de control de longitud fija 02191nam a2200349 4500
003 - IDENTIFICADOR DEL NÚMERO DE CONTROL
campo de control EC-UNACH
005 - FECHA Y HORA DE LA ÚLTIMA TRANSACCIÓN
campo de control 20250509112606.0
006 - CÓDIGOS DE INFORMACIÓN DE LONGITUD FIJA--CARACTERÍSTICAS DEL MATERIAL ADICIONAL
campo de control de longitud fija s||||gr|||| 00| 00
008 - DATOS DE LONGITUD FIJA--INFORMACIÓN GENERAL
campo de control de longitud fija 150116t9999 mx r gr 000 0 spa d
020 ## - NÚMERO INTERNACIONAL ESTÁNDAR DEL LIBRO
Número Internacional Estándar del Libro 978-9942-661-79-1
040 ## - FUENTE DE LA CATALOGACIÓN
Centro catalogador/agencia de origen EC-UNACH
Centro/agencia transcriptor EC-UNACH
041 ## - CÓDIGO DE LENGUA
Código de lengua del texto/banda sonora o título independiente spa
082 04 - NÚMERO DE LA CLASIFICACIÓN DECIMAL DEWEY
Número de edición 23
Número de clasificación 370.115
Número de documento/Ítem L017791
100 ## - ENTRADA PRINCIPAL--NOMBRE DE PERSONA
Nombre de persona León Ortiz, Carmen del Rocío / León Ortiz Cristian Humberto / Troya León Henry Alexander / Arteño Ramos, Rómulo
245 ## - MENCIÓN DE TÍTULO
Título Democratización del acceso y permanencia a la Educación Superior en Ecuador: Una mirada a los "estudiantes de primera generación" en los gobiernos de Rafael Correa, Lenín Moreno y Guillermo Lasso.
250 ## - MENCIÓN DE EDICIÓN
Mención de edición Primera edición
264 ## - Producción, publicación, distribución, fabricación y copyright
Lugar de producción, publicación, distribución, fabricación Riobamba - Ecuador
Nombre del de productor, editor, distribuidor, fabricante Editorial UNACH
Fecha de de producción, publicación, distribución, fabricación o copyright 2024
264 ## - Producción, publicación, distribución, fabricación y copyright
Lugar de producción, publicación, distribución, fabricación Producción UNACH
300 ## - DESCRIPCIÓN FÍSICA
Extensión 226 páginas
Otras características físicas Tablas, Figuras
501 ## - NOTA DE "CON"
Nota de “Con” Incluye índice
505 ## - NOTA DE CONTENIDO CON FORMATO
Nota de contenido con formato Capítulo I. El acceso a la educación superior en Ecuador ¿Dos visiones de políticas y derechos en conflicto? -- Capítulo II. Acciones afirmativas, que permitieron el acceso de los EPG de la UNACH, durante los períodos presidenciales de Correa (2007-2017), Moreno (2017-2021) y Lasso (2021-2022). -- Capítulo III. Las becas y ayudas económicas como acciones positivas que permitieron la permanencia de los EPG de la UNACH, durante los períodos presidenciales de Correa (2007-2017), Moreno (2017-2021) y Lasso (2021-2022) -- Capítulo IV. La movilidad social ascendente y continuidad intergeneracional en los estudiantes primera generación (EPG), períodos 2007-2023.
650 ## - PUNTO DE ACCESO ADICIONAL DE MATERIA--TÉRMINO DE MATERIA
Término de materia o nombre geográfico como elemento inicial REFORMA INSTITUCIONAL
650 ## - PUNTO DE ACCESO ADICIONAL DE MATERIA--TÉRMINO DE MATERIA
Término de materia o nombre geográfico como elemento inicial NORMATIVA ECUATORIANA
650 ## - PUNTO DE ACCESO ADICIONAL DE MATERIA--TÉRMINO DE MATERIA
Término de materia o nombre geográfico como elemento inicial PUNTAJE DE EVALUACIÓN
650 ## - PUNTO DE ACCESO ADICIONAL DE MATERIA--TÉRMINO DE MATERIA
Término de materia o nombre geográfico como elemento inicial DISCAPACIDAD AUDITIVA
650 ## - PUNTO DE ACCESO ADICIONAL DE MATERIA--TÉRMINO DE MATERIA
Término de materia o nombre geográfico como elemento inicial BECA POR DISCAPACIDAD
856 ## - LOCALIZACIÓN Y ACCESO ELECTRÓNICOS
Identificador Uniforme del Recurso <a href="https://doi.org/10.37135/u.editorial.05.155">https://doi.org/10.37135/u.editorial.05.155</a>
Texto de enlace Libro Digital - Democratización del acceso y permanencia a la Educación Superior en Ecuador: Una mirada a los "estudiantes de primera generación" en los gobiernos de Rafael Correa, Lenín Moreno y Guillermo Lasso.
942 ## - ELEMENTOS DE PUNTO DE ACCESO ADICIONAL (KOHA)
Fuente del sistema de clasificación o colocación Clasificación Decimal Dewey
Tipo de ítem Koha Libro electrónico
999 ## - NÚMEROS DE CONTROL DE SISTEMA (KOHA)
Koha biblionumber 13590
Holdings
Estado de pérdida Fuente del sistema de clasificación o colocación Estado dañado No para préstamo Localización permanente Ubicación/localización actual Ubicación en estantería Fecha de adquisición Fuente de adquisición Total de préstamos Signatura topográfica completa Código de barras Fecha visto por última vez Número de copia Precio válido a partir de Tipo de ítem Koha Centro de costos
  Clasificación Decimal Dewey     Biblioteca Campus Norte Biblioteca Campus Norte Derecho 09/05/2025 Producción Científica UNACH   370.115 LEO L017791 L017791 09/05/2025 Ej: 01 09/05/2025 Libro electrónico  

Powered by Koha